`Madmen' of Mymensigh (Record no. 6064)

000 -LEADER
fixed length control field 00449pab a2200145 454500
008 - FIXED-LENGTH DATA ELEMENTS--GENERAL INFORMATION
fixed length control field 180718b1985 xxu||||| |||| 00| 0 eng d
100 ## - MAIN ENTRY--PERSONAL NAME
Personal name Van Schendel, Willem
245 ## - TITLE STATEMENT
Title `Madmen' of Mymensigh
Remainder of title Peasant resistance and the colonial process in Eastern India, 1824 to 1833
260 ## - PUBLICATION, DISTRIBUTION, ETC.
Date of publication, distribution, etc. 1985
300 ## - PHYSICAL DESCRIPTION
Extent 139-73
362 ## - DATES OF PUBLICATION AND/OR SEQUENTIAL DESIGNATION
Dates of publication and/or sequential designation Apr.-June
650 ## - SUBJECT ADDED ENTRY--TOPICAL TERM
Topical term or geographic name entry element Colonial Government - India
773 ## - HOST ITEM ENTRY
Main entry heading Indian Economic and Social History Review
909 ## -
-- 6064
Holdings
Withdrawn status Lost status Damaged status Not for loan Permanent Location Current Location Date acquired Serial Enumeration / chronology Barcode Date last seen Price effective from Koha item type
        Indian Institute of Public Administration Indian Institute of Public Administration 2018-07-19 Volume no: 22, Issue no: 2 AR6074 2018-07-19 2018-07-19 Articles

Powered by Koha